| 000 | 00450nam a2200181Ia 4500 | ||
|---|---|---|---|
| 005 | 20240731071128.0 | ||
| 008 | 240331s9999 xx 000 0 und d | ||
| 020 | _a8185054398 | ||
| 082 |
_a291.5 _bBHA |
||
| 100 | _aBhattacharyya, N.N | ||
| 245 | 0 | _aHistory of the tantric religion | |
| 260 |
_aNew Delhi _bManohar Publications _c1982 |
||
| 300 | _axviii, 507 p ., | ||
| 650 | _aHistory | ||
| 650 | _aRituals | ||
| 650 | _aPhilosophy | ||
| 942 | _cL | ||
| 999 |
_c862 _d862 |
||